Épicure: Lettres et maximes.
Zapisane w:
| 1. autor: | |
|---|---|
| Format: | Książka |
| Wydane: |
Villers-sur-Mer, France.
Éditions de Mégare,
1977.
|
| Hasła przedmiotowe: | |
| Etykiety: |
Dodaj etykietę
Nie ma etykietki, Dołącz pierwszą etykiete!
|
MARC
| LEADER | 00000nam a22000007a 4500 | ||
|---|---|---|---|
| 003 | CL-VaPUC | ||
| 005 | 20240820155249.0 | ||
| 008 | 220622b1977 ||||| |||| 00| 0 eng d | ||
| 999 | |c 436234 |d 436232 | ||
| 020 | |a 2-900061-04-0 | ||
| 040 | |c Pontificia Universidad Católica de Valparaíso | ||
| 082 | 7 | |a 187 CON 1977 |2 22 | |
| 100 | 1 | |a Conche, Marcel |e auteur |9 871200 | |
| 245 | |a Épicure: Lettres et maximes. | ||
| 260 | |a Villers-sur-Mer, France. |b Éditions de Mégare, |c 1977. | ||
| 300 | |a 322 páginas. | ||
| 500 | |a c.1 Donación Familia Prof. Alejandro Guzmán Brito. | ||
| 583 | |c 20220622 |k Catalogador Asistente | ||
| 650 | 0 | |a Atomismo |9 335196 | |
| 650 | |a Felicidad |9 257029 | ||
| 942 | |2 ddc |c BK |n 0 | ||
| 952 | |0 0 |1 0 |2 ddc |4 0 |6 187_000000000000000_CON_1977 |7 0 |8 C_AGB |9 583965 |a BIBDER |b BIBDER |d 2022-06-22 |e Donación |i 5652049 |o 187 CON 1977 |p 5652049 |r 2023-01-25 |t 1 |w 2022-06-22 |y BK_US |k AGB | ||